00322cam a2200157u 4500001000800000005001700008008004100025010001700066040001900083041000800102080000800110082001200118100000700130101000800137245001900145593731120180208033845.0830617s1929 nyuaf 000 0 eng  a 30012328  aDLCcCarPdDLC aeng a821 2821 WIS1 a21 aGJL14aThe Virginian,